000 00598nam a2200133Ia 4500
008 220615s9999||||xx |||||||||||||| ||und||
020 _a9782890000000
245 0 _aMotor System and Motor Diseases: from Molecules to Circuits
546 _aEnglish[eng]
650 _acortex||basal ganglia||cerebellum||vestibular system||spinal cord||motor control||motor learning||motor perception||motor diseases
700 _aZhu, Jing-Ning||Shen, Ying||Mermelstein, Paul G.
856 _uhttps://www.frontiersin.org/research-topics/7890/motor-system-and-motor-diseases-from-molecules-to-circuits
942 _cEB
999 _c18926
_d18926